[Event "European Blitz 2022"]
[Site "Katowice POL"]
[Date "2022.12.16"]
[Round "14.55"]
[White "Kovalevsky, Stanislav"]
[Black "Asllani, Muhamet"]
[Result "0-1"]
[WhiteTitle "FM"]
[WhiteElo "2237"]
[BlackElo "2228"]
[WhiteFideId "13508598"]
[BlackFideId "22100300"]
[EventDate "2022.12.16"]

1. c4 e5 2. Nc3 Nc6 3. g3 Bc5 4. Bg2 Nf6 5. e3 d6 6. Nge2 Bf5 7. d4 exd4 8. exd4
Bb6 9. O-O O-O 10. h3 Qd7 11. Kh2 Rfe8 12. a3 a5 13. Be3 Ne4 14. Nxe4 Bxe4 15.
c5 Bxg2 16. Kxg2 Ba7 17. Nf4 Rad8 18. Qc2 dxc5 19. dxc5 Nd4 20. Qc4 Qc6+ 21. f3
Rxe3 22. Rad1 Qxc5 23. Qa4 c6 24. Rd2 Rde8 25. Rfd1 Nxf3 26. Rd8 Ne1+ 27. Kh2
Re2+ 28. Nxe2 Qf2+ 29. Kh1 Qg2# 0-1

[Event "European Blitz 2022"]
[Site "Katowice POL"]
[Date "2022.12.16"]
[Round "14.56"]
[White "Reza, Wojciech"]
[Black "Uruci, Endrit"]
[Result "1-0"]
[WhiteTitle "FM"]
[BlackTitle "FM"]
[WhiteElo "2290"]
[BlackElo "2297"]
[WhiteFideId "1151967"]
[BlackFideId "22100199"]
[EventDate "2022.12.16"]

1. c4 Nf6 2. Nf3 c6 3. e3 d5 4. Nc3 g6 5. d4 Bg7 6. Be2 O-O 7. O-O b6 8. Bd2 Bb7
9. Rc1 e6 10. cxd5 cxd5 11. Ne5 Nfd7 12. Nxd7 Nxd7 13. Nb5 a6 14. Nc7 Ra7 15.
Bb4 Bc8 16. Bxf8 Nxf8 17. Qc2 Bb7 18. b4 Bf6 19. b5 axb5 20. Nxb5 Ra5 21. Qc7
Ba6 22. Qxd8 Bxd8 23. Nc3 Bxe2 24. Nxe2 Rxa2 25. Nc3 Ra3 26. Nb5 Ra5 27. Nd6 Be7
28. Nc8 Bd8 29. Ra1 Nd7 30. Rxa5 bxa5 31. Ra1 Kf8 32. Na7 Nb6 33. Nc6 Bf6 34.
Nxa5 h5 35. Rb1 Na4 36. Rb3 Kg7 37. Nb7 Be7 38. Kf1 g5 39. Ke2 Kg6 40. g3 Kf5
41. f3 g4 42. Kf2 Bf8 43. Kg2 Be7 44. h3 f6 45. fxg4+ hxg4 46. h4 e5 47. Kf2 Bf8
48. Ke2 Ke4 49. dxe5 Kxe5 50. Kd3 Bc5 51. Ke2 Bf8 52. Kf2 Be7 53. Ke2 Ke4 54.
Kf2 Ke5 55. Kg2 f5 56. Kf2 Bf8 57. Ke2 Ke4 58. Kf2 Be7 59. Ke2 Bf8 60. Rd3 Bg7
61. Ra3 Nc3+ 62. Kf2 Nd1+ 63. Ke2 Nc3+ 64. Kf2 Nd1+ 65. Ke2 Nc3+ 66. Kf2 Nd1+
67. Ke1 Nxe3 68. Nc5+ Kf3 69. Ne6 Be5 70. h5 Bxg3+ 71. Kd2 d4 72. Nxd4+ Ke4 73.
Rd3 1-0

[Event "European Blitz 2022"]
[Site "Katowice POL"]
[Date "2022.12.16"]
[Round "14.58"]
[White "Kracht, Raphael"]
[Black "Cramling, Pia"]
[Result "1-0"]
[BlackTitle "GM"]
[WhiteElo "2124"]
[BlackElo "2463"]
[WhiteFideId "16214382"]
[BlackFideId "1700030"]
[EventDate "2022.12.16"]

1. e4 c5 2. d4 cxd4 3. c3 Nf6 4. e5 Nd5 5. Nf3 Nc6 6. Bc4 Nb6 7. Bb3 g6 8. Ng5
d5 9. exd6 e6 10. Ne4 Bg7 11. Bg5 f6 12. Bf4 O-O 13. cxd4 f5 14. Ng5 Nxd4 15.
O-O Kh8 16. Re1 Nxb3 17. Qxb3 Nd5 18. Qh3 h5 19. Bd2 Qxd6 20. Nc3 Nxc3 21. Bxc3
e5 22. Rad1 Qe7 23. Nf3 e4 24. Nh4 Kh7 25. Qg3 g5 26. Nf3 g4 27. Bxg7 Qxg7 28.
Nd4 f4 29. Qb3 Re8 30. Qc2 Qg6 31. Nb5 Bf5 32. Rd6 Qg7 33. Qd2 Re7 34. Qxf4 Rf8
35. Qe3 Bg6 36. Nd4 Rfe8 37. Rc1 a6 38. Ne2 Bf5 39. Nf4 Qf7 40. Rcd1 Rc7 41.
R6d5 Rce7 42. Rc1 Re5 43. Rd6 R5e7 44. Rcd1 Re5 45. g3 R5e7 46. Qd4 Re5 47. Qb4
e3 48. fxe3 Rxe3 49. Qd4 R3e4 50. Qd2 R4e7 51. Rf1 Re5 52. Ng2 Qg7 53. Nh4 Be4
54. Rd7 R5e7 55. Rxe7 Rxe7 56. Qf4 1-0

[Event "European Blitz 2022"]
[Site "Katowice POL"]
[Date "2022.12.16"]
[Round "14.59"]
[White "Diermair, Andreas"]
[Black "Kubicka, Anna"]
[Result "1/2-1/2"]
[WhiteTitle "GM"]
[BlackTitle "WIM"]
[WhiteElo "2446"]
[BlackElo "2217"]
[WhiteFideId "1612468"]
[BlackFideId "1152254"]
[EventDate "2022.12.16"]

1. d4 Nf6 2. Nf3 e6 3. g3 c5 4. Bg2 Nc6 5. O-O d5 6. c4 dxc4 7. Qa4 Bd7 8. Qxc4
cxd4 9. Nxd4 Rc8 10. Nc3 Nxd4 11. Qxd4 Bc5 12. Qh4 Bc6 13. Bg5 Bxg2 14. Kxg2 Be7
15. Rfd1 Qb6 16. Qa4+ Qc6+ 17. Qxc6+ Rxc6 18. Rd3 h6 19. Be3 Bc5 20. Bxc5 Rxc5
21. Rad1 Ke7 22. f4 Rcc8 23. e4 Rhd8 24. e5 Nd5 25. Nxd5+ Rxd5 26. Rxd5 exd5 27.
Rd2 Ke6 28. Kf3 g6 29. Ke3 Rc4 30. b3 Rc1 31. Kd4 b6 32. Ke3 Rc3+ 33. Kd4 Rc1
34. Kd3 Rc5 35. Kd4 h5 36. h3 Rc1 37. Ke3 Rh1 38. h4 Rc1 1/2-1/2

[Event "European Blitz 2022"]
[Site "Katowice POL"]
[Date "2022.12.16"]
[Round "14.60"]
[White "Krzywda, Andrzej"]
[Black "Tisaj, Domen"]
[Result "0-1"]
[WhiteTitle "CM"]
[BlackTitle "FM"]
[WhiteElo "2262"]
[BlackElo "2396"]
[WhiteFideId "1114565"]
[BlackFideId "14628708"]
[EventDate "2022.12.16"]

1. e4 c5 2. Nc3 Nc6 3. Bb5 Nd4 4. Nf3 e6 5. O-O a6 6. Bd3 Nc6 7. b3 Qc7 8. Bb2
Nge7 9. Re1 Ng6 10. Ne2 Nb4 11. Nc1 Nxd3 12. Nxd3 d6 13. c4 e5 14. Nc1 Nf4 15.
g3 Nh3+ 16. Kg2 Bg4 17. Ne2 Qd7 18. Neg1 Ng5 19. d3 Be7 20. Re3 O-O 21. Qe1 f5
22. exf5 Qxf5 23. Nxg5 Bxg5 24. Re4 Bf3+ 25. Nxf3 Qxf3+ 26. Kg1 Qxd3 27. Rd1 Qc2
28. Re2 Qg6 29. Rd5 Rf3 30. Kg2 Raf8 31. Qd1 Qf7 32. Qe1 Be7 33. Bc1 b5 34. Be3
Qg6 35. Qd1 Qe4 36. Kg1 bxc4 37. bxc4 Qxc4 38. Rc2 Qg4 39. Rcd2 Qf5 40. Qe1 h5
41. Rb2 h4 42. Rb7 hxg3 43. hxg3 Qe6 44. Rd1 R3f7 45. Rb6 e4 46. Bxc5 Qxa2 47.
Be3 Qe6 48. Rb7 Qf5 49. Rb2 Bg5 50. Rdd2 Bxe3 51. Qxe3 d5 52. Rbc2 Qf3 53. Qd4
e3 54. Qxe3 Qxe3 55. fxe3 Rf3 56. Rxd5 Rxg3+ 57. Rg2 Rxe3 58. Rd7 Rf7 59. Rd8+
Kh7 60. Rd6 Ra3 61. Rh2+ Kg8 62. Rd8+ Rf8 63. Rd7 Ra1+ 64. Kg2 Ra2+ 65. Kg3 Rxh2
66. Kxh2 Ra8 67. Rd4 a5 68. Ra4 Kf7 69. Kg3 Ke6 70. Kf4 Kd5 71. Kf5 Kc5 72. Kg6
Ra7 73. Ra1 a4 0-1

[Event "European Blitz 2022"]
[Site "Katowice POL"]
[Date "2022.12.16"]
[Round "14.61"]
[White "Piotrowski, Przemyslaw"]
[Black "Psyk, Radoslaw"]
[Result "1-0"]
[WhiteTitle "FM"]
[WhiteElo "2247"]
[BlackElo "2438"]
[WhiteFideId "1127063"]
[BlackFideId "1182838"]
[EventDate "2022.12.16"]

1. d4 Nf6 2. Nf3 e6 3. g3 d5 4. Bg2 Be7 5. O-O O-O 6. c4 c6 7. Nc3 b6 8. Ne5
Nfd7 9. cxd5 cxd5 10. e4 Nxe5 11. dxe5 d4 12. Nb5 Ba6 13. a4 Nc6 14. Re1 Bxb5
15. axb5 Nxe5 16. Bf4 Ng6 17. e5 Rc8 18. Rxa7 Nxf4 19. gxf4 Bb4 20. Re4 Qh4 21.
Ra1 Rcd8 22. Qd3 Bc5 23. f5 Qh6 24. fxe6 fxe6 25. Rg4 Rf7 26. Be4 Qh5 27. Rg3
Rdf8 28. f3 Rf4 29. Re1 Rh4 30. Re2 Qh6 31. Rc2 Qf4 32. Kg2 Qxe5 33. Re2 Qh5 34.
h3 Bd6 35. Rg4 Rxg4+ 36. fxg4 Qh4 37. Rc2 Be5 38. Re2 h6 39. Rc2 Qg5 40. Re2 Qf4
41. Kg1 Rc8 42. Re1 Bf6 43. Rf1 Qe5 44. Re1 Qg5 45. Bg2 Rc1 46. Qe4 Rxe1+ 47.
Qxe1 Kf7 48. Qe4 Qc1+ 49. Kh2 Qc7+ 50. Kh1 Qd7 51. Bf1 Qd6 52. Bd3 Ke7 53. Kg2
Kf8 54. Qa8+ Bd8 55. Qf3+ Ke7 56. Qb7+ Kf8 57. Qf3+ Kg8 58. Bg6 Qe7 59. Qe4 Qf6
60. h4 Be7 61. h5 Bf8 62. Qf3 Qe7 63. Qe4 Qd7 64. Kf3 Bc5 65. Qa8+ Bf8 66. Qe4
Qd6 67. Ke2 Qh2+ 68. Kd3 Qg3+ 69. Kc4 Qd6 70. Qc6 Qb4+ 71. Kd3 Qb3+ 72. Ke4 Qe3# 1-0

[Event "European Blitz 2022"]
[Site "Katowice POL"]
[Date "2022.12.16"]
[Round "14.62"]
[White "Kirk, Ezra"]
[Black "Sliwicka, Alicja"]
[Result "1-0"]
[WhiteTitle "IM"]
[BlackTitle "WIM"]
[WhiteElo "2432"]
[BlackElo "2284"]
[WhiteFideId "600067"]
[BlackFideId "1150677"]
[EventDate "2022.12.16"]

1. e4 c5 2. Nf3 d6 3. Bb5+ Bd7 4. Bxd7+ Qxd7 5. O-O Nf6 6. Qe2 Nc6 7. c3 e6 8.
d4 cxd4 9. cxd4 d5 10. e5 Ne4 11. Nbd2 Nxd2 12. Bxd2 Be7 13. g3 O-O 14. h4 Rfc8
15. Kg2 Bf8 16. h5 h6 17. g4 f6 18. exf6 gxf6 19. Qd3 Qg7 20. Kh3 Bd6 21. Rae1
Re8 22. Nh4 Rac8 23. a3 b5 24. Ng6 b4 25. a4 b3 26. Be3 Nb4 27. Qxb3 Rc4 28. Re2
Rec8 29. Qd1 e5 30. dxe5 fxe5 31. Bd2 Rd4 32. Qb1 e4 33. Bc3 Rd3+ 34. Re3 d4 35.
Rxd3 Nxd3 36. Qa2+ Kh7 37. Bd2 Rc2 38. Qe6 Rxd2 39. Qxe4 Kg8 40. Qe6+ Qf7 41.
Qxd6 Qf3+ 42. Kh4 Nxf2 43. Qd8+ Kg7 44. Qh8+ Kf7 45. Qf8+ Ke6 46. Qxf3 1-0

[Event "European Blitz 2022"]
[Site "Katowice POL"]
[Date "2022.12.16"]
[Round "14.63"]
[White "Jaskolka, Tomasz"]
[Black "Ondozi, Murtez"]
[Result "0-1"]
[WhiteTitle "CM"]
[BlackTitle "FM"]
[WhiteElo "2188"]
[BlackElo "2406"]
[WhiteFideId "1170791"]
[BlackFideId "937576"]
[EventDate "2022.12.16"]

1. d4 d5 2. Bf4 c6 3. e3 Qb6 4. Qc1 Bf5 5. Nf3 Nf6 6. c4 e6 7. c5 Qd8 8. Nc3 h6
9. h3 Nbd7 10. b4 b6 11. b5 bxc5 12. bxc6 Nb6 13. Nb5 Rc8 14. Nxa7 c4 15. Nxc8
Qxc8 16. c7 Bb4+ 17. Nd2 Ne4 18. Qb2 Bxd2+ 19. Ke2 Nd7 20. f3 Bc3 21. Qc1 Bxa1
22. fxe4 Bxe4 23. Qxa1 O-O 24. Bd6 Re8 25. Kf2 Qa6 26. Bg3 e5 27. dxe5 Rc8 28.
Be2 Bf5 29. Rd1 Be6 30. e4 dxe4 31. Rd6 Qa7+ 32. Kf1 Qxc7 33. Qc3 Qc5 34. a4 Rb8
35. Qc2 Qb4 36. Kg1 Qb3 37. Qxb3 cxb3 38. Bb5 b2 39. Rd1 Rxb5 40. axb5 Ba2 41.
e6 fxe6 42. Bc7 e3 43. Kf1 b1=Q 44. Rxb1 Bxb1 45. b6 Be4 46. Ke2 Bxg2 0-1

[Event "European Blitz 2022"]
[Site "Katowice POL"]
[Date "2022.12.16"]
[Round "14.64"]
[White "Mrvova, Alena"]
[Black "Mitusov, Semen"]
[Result "1/2-1/2"]
[WhiteTitle "WIM"]
[BlackTitle "IM"]
[WhiteElo "2135"]
[BlackElo "2397"]
[WhiteFideId "14902036"]
[BlackFideId "14151049"]
[EventDate "2022.12.16"]

1. Nf3 d5 2. g3 Nf6 3. Bg2 e6 4. d3 Be7 5. O-O O-O 6. Nbd2 Nc6 7. c3 e5 8. Qb3
Rb8 9. Rd1 h6 10. Nf1 Be6 11. Qc2 Qd7 12. e4 d4 13. cxd4 Nxd4 14. Nxd4 exd4 15.
Bf4 Rbc8 16. Nd2 c5 17. Nc4 b5 18. Ne5 Qb7 19. h4 a6 20. Qd2 Nd7 21. Nxd7 Qxd7
22. Qa5 Rc6 23. b3 Bh3 24. Qd2 Bxg2 25. Kxg2 Rd8 26. Qe2 Qe6 27. Rh1 c4 28. bxc4
bxc4 29. dxc4 d3 30. Qd2 Qxe4+ 31. f3 Qxc4 32. Rac1 Qd5 33. Rxc6 Qxc6 34. Rc1
Qd5 35. Rb1 Bf6 36. Be3 Rc8 37. Rc1 Rxc1 38. Qxc1 Qxa2+ 39. Kh3 Qe6+ 40. g4 a5
41. Qd2 Qd5 42. Kg2 a4 43. Qb4 Qd7 44. g5 hxg5 45. hxg5 Be5 46. Bd2 Qc6 47. Qa5
Bc7 48. Qf5 Qa6 49. Qd7 Qd6 50. Qe8+ Qf8 51. Qxa4 Qd8 52. Qe4 Bb8 53. g6 Qd7 54.
Qa8 Qd8 55. Qa2 Qf8 56. Qb3 Bd6 57. gxf7+ Qxf7 58. Qxd3 Qe6 59. Qe4 Qf7 60. Qa8+
Kh7 61. Qe4+ Kg8 62. Qa8+ Kh7 63. Qe4+ Qg6+ 64. Qxg6+ Kxg6 65. Kf2 Kf5 66. Bc3
g5 67. Bd4 Bc7 68. Bc5 Bb8 69. Bb6 Be5 70. Ba7 Kf4 71. Be3+ Kf5 72. Bxg5 Kxg5
73. Ke3 1/2-1/2

[Event "European Blitz 2022"]
[Site "Katowice POL"]
[Date "2022.12.16"]
[Round "14.65"]
[White "Maltsevskaya, Aleksandra"]
[Black "Ulasevich, Sergei"]
[Result "1-0"]
[WhiteTitle "IM"]
[BlackTitle "CM"]
[WhiteElo "2400"]
[BlackElo "2236"]
[WhiteFideId "24174041"]
[BlackFideId "13505629"]
[EventDate "2022.12.16"]

1. e4 c5 2. Nf3 Nc6 3. d4 cxd4 4. Nxd4 g6 5. Nc3 Bg7 6. Be3 Nf6 7. Bc4 O-O 8.
Bb3 Re8 9. O-O d6 10. h3 Na5 11. f4 Nxb3 12. axb3 b6 13. e5 dxe5 14. fxe5 Nd5
15. Qf3 Nxe3 16. Qxe3 Bb7 17. Rad1 Qc7 18. Nf3 Rad8 19. Rxd8 Rxd8 20. Kh1 Qc6
21. Qf4 Qe6 22. Ne4 f5 23. Neg5 Qc6 24. e6 h6 25. Nf7 Rd4 26. Qb8+ Kh7 27. Nd8
Rxd8 28. Qxd8 Qxe6 29. Qc7 Be4 30. Qf4 Bxb2 31. Qh4 Bf6 32. Qg3 Qc6 33. c4 a5
34. Re1 a4 35. bxa4 Qxc4 36. Nd2 Qxa4 37. Nxe4 fxe4 38. Qg4 Qd4 39. Qe2 Qc3 40.
Qxe4 b5 41. h4 Bxh4 42. Qxh4 1-0

[Event "European Blitz 2022"]
[Site "Katowice POL"]
[Date "2022.12.16"]
[Round "14.66"]
[White "Stremavicius, Pijus"]
[Black "Salna, Aleksandras"]
[Result "1-0"]
[WhiteTitle "FM"]
[WhiteElo "2369"]
[BlackElo "2191"]
[WhiteFideId "12812730"]
[BlackFideId "12807575"]
[EventDate "2022.12.16"]

1. d3 d5 2. g3 Nf6 3. Bg2 c6 4. b3 Bf5 5. Bb2 e6 6. Nd2 Be7 7. e4 Bg6 8. Ne2 h6
9. O-O a5 10. a3 O-O 11. Nf4 Bh7 12. Re1 Na6 13. e5 Nd7 14. Qg4 Bf5 15. Qf3 c5
16. c4 dxc4 17. dxc4 Ra7 18. Ne4 a4 19. bxa4 Nab8 20. Rad1 Qc7 21. Nd6 Nc6 22.
Nb5 Qb6 23. Nxa7 Nxa7 24. Rxd7 1-0

[Event "European Blitz 2022"]
[Site "Katowice POL"]
[Date "2022.12.16"]
[Round "14.67"]
[White "Povilaitis, Tomas"]
[Black "Kacprzak, Karol"]
[Result "0-1"]
[WhiteElo "2038"]
[BlackElo "2226"]
[WhiteFideId "12811700"]
[BlackFideId "21819327"]
[EventDate "2022.12.16"]

1. e4 c5 2. Nc3 d6 3. Bb5+ Bd7 4. Bxd7+ Qxd7 5. f4 Nc6 6. Nf3 g6 7. d3 Bg7 8.
O-O e6 9. Qe1 Nge7 10. Qh4 Nd4 11. Qf2 Nxf3+ 12. Qxf3 f5 13. Be3 O-O 14. Rad1
Nc6 15. Kh1 b6 16. h3 Rae8 17. Rfe1 Rd8 18. Rb1 d5 19. Ne2 fxe4 20. dxe4 Ne5 21.
Qg3 Nc4 22. e5 Bh6 23. b3 Nxe3 24. Qxe3 Qe7 25. Rf1 Rf7 26. a4 Rdf8 27. Rf3 Qh4
28. Rbf1 Kh8 29. a5 Qe7 30. axb6 axb6 31. Qf2 Qb7 32. Qh4 Bg7 33. Qg4 Re8 34. h4
Qe7 35. h5 gxh5 36. Qxh5 Rf5 37. Qh2 Rg8 38. Ng3 Rf7 39. Nh5 Rf5 40. g4 Rff8 41.
R1f2 Rf7 42. Rh3 Bf8 43. Nf6 Rgg7 44. g5 d4 45. Rg2 Qb7 46. Kg1 Rg6 47. Rh5 b5
48. Rg3 c4 49. Rgh3 Rgg7 50. Rh6 d3 51. g6 dxc2 52. Rxh7+ Rxh7 53. Rxh7+ Rxh7
54. Qxc2 Qh1+ 55. Kf2 Rh2+ 56. Kg3 Qg1+ 57. Kf3 Rxc2 0-1

[Event "European Blitz 2022"]
[Site "Katowice POL"]
[Date "2022.12.16"]
[Round "14.68"]
[White "Mis, Mieszko"]
[Black "Lajbl, Jan"]
[Result "1-0"]
[WhiteTitle "FM"]
[WhiteElo "2389"]
[BlackElo "2225"]
[WhiteFideId "1196448"]
[BlackFideId "390240"]
[EventDate "2022.12.16"]

1. e4 e6 2. d4 d5 3. Nc3 Nf6 4. Bg5 dxe4 5. Nxe4 Be7 6. Bxf6 gxf6 7. Nf3 a6 8.
Nc3 b5 9. Qe2 Bb7 10. O-O-O Qd6 11. d5 Qf4+ 12. Kb1 b4 13. Rd4 Qh6 14. Ne4 Bxd5
15. Ng3 Nc6 16. Rd1 Rd8 17. Qxa6 O-O 18. Rxd5 Rxd5 19. Bc4 Rc5 20. Bb3 Na5 21.
Ne4 Nxb3 22. axb3 Re5 23. Nxe5 fxe5 24. Qc6 Qg6 25. Re1 Bd6 26. g3 Rd8 27. Rd1
Qf5 28. h4 Kg7 29. Qc4 Qf3 30. Qd3 Qxd3 31. Rxd3 Be7 32. Rxd8 Bxd8 33. Kc1 f5
34. Nc5 Kf6 35. Nd7+ Ke7 36. Nxe5 c5 37. Nc6+ Kd7 38. Nxd8 Kxd8 39. Kd2 Kd7 40.
Kd3 Kd6 41. Kc4 Kc6 42. c3 bxc3 43. bxc3 e5 44. b4 e4 45. bxc5 1-0

[Event "European Blitz 2022"]
[Site "Katowice POL"]
[Date "2022.12.16"]
[Round "14.69"]
[White "D'Costa, Lorin"]
[Black "Szczurek, Krzysztof"]
[Result "1-0"]
[WhiteTitle "IM"]
[BlackTitle "FM"]
[WhiteElo "2375"]
[BlackElo "2163"]
[WhiteFideId "409219"]
[BlackFideId "1185489"]
[EventDate "2022.12.16"]

1. Nf3 Nf6 2. c4 g6 3. g3 Bg7 4. Bg2 c5 5. d4 O-O 6. O-O d6 7. Nc3 Nbd7 8. b3
Rb8 9. Bb2 a6 10. a4 b6 11. e4 Bb7 12. Re1 cxd4 13. Nxd4 Nc5 14. Nd5 a5 15. Rb1
e6 16. Nxf6+ Bxf6 17. Nb5 Be7 18. f4 Bc6 19. Nd4 Bb7 20. Qc2 e5 21. Nb5 f6 22.
Rbd1 exf4 23. gxf4 Bc6 24. Nd4 Bd7 25. e5 fxe5 26. fxe5 Bh4 27. Bd5+ Kh8 28. e6
Qg5+ 29. Kh1 1-0

[Event "European Blitz 2022"]
[Site "Katowice POL"]
[Date "2022.12.16"]
[Round "14.70"]
[White "Cyfka, Karina"]
[Black "Hasterok, Mateusz"]
[Result "1-0"]
[WhiteTitle "IM"]
[WhiteElo "2348"]
[BlackElo "2162"]
[WhiteFideId "1122681"]
[BlackFideId "21822352"]
[EventDate "2022.12.16"]

1. d4 Nf6 2. c4 e6 3. Nf3 d5 4. Nc3 dxc4 5. e4 b5 6. e5 Nd5 7. Nxb5 Nb6 8. Nc3
Be7 9. Be2 Nc6 10. O-O O-O 11. Be3 a5 12. Rc1 Ba6 13. a3 Nd5 14. Ne4 Rb8 15.
Bxc4 Bxc4 16. Rxc4 Nxe3 17. fxe3 Qd5 18. Nfd2 Rfc8 19. Qf3 Nd8 20. b3 Rxb3 21.
Rfc1 Rxa3 22. Rxc7 Rxc7 23. Rxc7 Bf8 24. h4 h6 25. Nc4 Ra1+ 26. Kh2 Rc1 27. Nb6
Rxc7 28. Nxd5 exd5 29. Ng3 a4 30. Qxd5 Ne6 31. Qa5 Rc4 32. Ne4 a3 33. Nd6 Rc6
34. d5 Rc2 35. dxe6 a2 1-0

[Event "European Blitz 2022"]
[Site "Katowice POL"]
[Date "2022.12.16"]
[Round "14.71"]
[White "Jablonicky, Martin"]
[Black "Kolaric, Spela"]
[Result "1-0"]
[WhiteTitle "FM"]
[BlackTitle "WFM"]
[WhiteElo "2388"]
[BlackElo "2133"]
[WhiteFideId "14925621"]
[BlackFideId "14607093"]
[EventDate "2022.12.16"]

1. e4 e5 2. Nf3 Nc6 3. Bb5 a6 4. Ba4 Nf6 5. O-O Be7 6. Re1 b5 7. Bb3 Bb7 8. Nc3
O-O 9. Nd5 d6 10. c3 Nxd5 11. Bxd5 Na5 12. Bxb7 Nxb7 13. d4 Bf6 14. a4 c5 15.
dxe5 dxe5 16. Qe2 c4 17. Be3 Qc7 18. Red1 Nc5 19. Bxc5 Qxc5 20. Rd5 Qc7 21. g3
Rab8 22. axb5 axb5 23. Rad1 b4 24. Rd7 Qc6 25. R1d6 Qc8 26. Kg2 bxc3 27. bxc3
Rb3 28. Qd2 h6 29. h4 Qa8 30. Rd5 Qa3 31. Nxe5 Bxe5 32. Rxe5 Rxc3 33. Rd8 Rd3
34. Rxd3 Qxd3 35. Qxd3 cxd3 36. Rd5 Re8 37. Kf3 g6 38. Rxd3 h5 39. Kf4 Kg7 40.
Rd7 Ra8 41. e5 Ra4+ 42. Ke3 Ra5 43. Ke4 Ra4+ 44. Kd5 Ra2 45. f4 Rd2+ 46. Kc6
Rc2+ 47. Kd6 Kf8 48. Rd8+ Kg7 49. Rd7 Kf8 50. Rd8+ Kg7 51. e6 Rd2+ 52. Ke7 Rxd8
53. Kxd8 fxe6 54. Ke7 Kg8 55. Kxe6 Kg7 56. Ke7 Kg8 57. Kf6 Kh7 58. Kf7 Kh6 59.
Kg8 g5 60. hxg5+ Kg6 61. Kf8 1-0

[Event "European Blitz 2022"]
[Site "Katowice POL"]
[Date "2022.12.16"]
[Round "14.72"]
[White "Baum, Jonasz"]
[Black "Hulka, Valentyn"]
[Result "1-0"]
[WhiteTitle "IM"]
[BlackTitle "CM"]
[WhiteElo "2420"]
[BlackElo "2222"]
[WhiteFideId "1195360"]
[BlackFideId "34107061"]
[EventDate "2022.12.16"]

1. d4 d5 2. c4 e6 3. Nf3 a6 4. Nbd2 Nf6 5. g3 c5 6. cxd5 exd5 7. Bg2 Nc6 8. O-O
cxd4 9. Nb3 Be7 10. Nbxd4 O-O 11. b3 Ne4 12. Bb2 Re8 13. Rc1 Bf6 14. Nxc6 bxc6
15. Bxf6 Qxf6 16. Qd4 Bd7 17. Qxf6 gxf6 18. Rfd1 a5 19. Nd4 Ra6 20. e3 f5 21.
Bf1 Rb6 22. Rc2 a4 23. bxa4 Ra8 24. f3 Nd6 25. Nb3 Rxa4 26. Nc5 Ra7 27. a4 Bc8
28. Ra1 Ra5 29. Rc3 Rb4 30. Nb3 Ra7 31. Rxc6 Rxb3 32. Rxd6 Bd7 33. a5 Rxe3 34.
Kf2 f4 35. gxf4 Rc3 36. a6 Be6 37. f5 Bxf5 38. Rxd5 Be6 39. Rb5 Rcc7 40. Rb6 Kf8
41. Rd1 Ke7 42. Bd3 h6 43. Ke3 Rd7 44. Rc1 Kd8 45. Rb8+ Ke7 46. Rcb1 Bd5 47.
R1b6 f6 48. Rh8 Kf7 49. Rh7+ Kg8 50. Rb8+ 1-0

[Event "European Blitz 2022"]
[Site "Katowice POL"]
[Date "2022.12.16"]
[Round "14.73"]
[White "Vedrickas, Tautvydas"]
[Black "Dors, Ryszard"]
[Result "1-0"]
[WhiteTitle "FM"]
[WhiteElo "2358"]
[BlackElo "2142"]
[WhiteFideId "12802654"]
[BlackFideId "1104217"]
[EventDate "2022.12.16"]

1. d4 Nf6 2. c4 c5 3. d5 b5 4. f3 g6 5. e4 d6 6. Nc3 b4 7. Nce2 Bg7 8. Ng3 O-O
9. Bd3 Nbd7 10. N1e2 e6 11. O-O Ne5 12. Bg5 Nxd3 13. Qxd3 exd5 14. exd5 Qb6 15.
Rae1 Nd7 16. b3 Ne5 17. Qd2 Re8 18. Ne4 Nd7 19. N2g3 Bb7 20. Bh6 Bh8 21. Nf5 a5
22. Nexd6 Nf6 23. Nxe8 Rxe8 24. Rxe8+ 1-0

[Event "European Blitz 2022"]
[Site "Katowice POL"]
[Date "2022.12.16"]
[Round "14.74"]
[White "Ugorek, Kacper"]
[Black "Haug, Havard"]
[Result "0-1"]
[WhiteElo "1682"]
[BlackElo "2044"]
[WhiteFideId "21890676"]
[BlackFideId "1547887"]
[EventDate "2022.12.16"]

1. d4 d5 2. c4 e6 3. Nf3 Nf6 4. g3 c5 5. cxd5 Nxd5 6. Bg2 Be7 7. O-O O-O 8. dxc5
Bxc5 9. a3 Nc6 10. b4 Be7 11. Bb2 Bf6 12. Qb3 a5 13. e4 Nc7 14. Nc3 Nd4 15. Nxd4
Bxd4 16. Rfd1 Qf6 17. Qc2 axb4 18. axb4 Rxa1 19. Rxa1 e5 20. Nd5 Nxd5 21. exd5
Bf5 22. Qd2 Rc8 23. Bxd4 exd4 24. Rc1 Rc3 25. Qf4 g6 26. Bf1 Rxc1 27. Qxc1 d3
28. Qe3 Qa1 29. Kg2 Bh3+ 30. Kxh3 Qxf1+ 31. Kg4 Qd1+ 32. Kg5 Qh5+ 33. Kf6 Qf5+
34. Ke7 Qxd5 35. Qd2 Qe4+ 36. Kd6 Qe2 37. Qc3 d2 38. Qf6 d1=Q+ 39. Kc7 Qc4+ 40.
Kb8 Qe6 41. Qf4 Kg7 42. Qc7 Qdd6 0-1

[Event "European Blitz 2022"]
[Site "Katowice POL"]
[Date "2022.12.16"]
[Round "14.75"]
[White "Janeczko, Jakub"]
[Black "Paszewski, Mateusz"]
[Result "1/2-1/2"]
[BlackTitle "FM"]
[WhiteElo "2247"]
[BlackElo "2282"]
[WhiteFideId "21871655"]
[BlackFideId "1141058"]
[EventDate "2022.12.16"]

1. e4 c6 2. Nc3 d5 3. Nf3 dxe4 4. Nxe4 Nf6 5. Qe2 Nxe4 6. Qxe4 Nd7 7. d4 Nf6 8.
Qd3 g6 9. Be2 Bg7 10. O-O O-O 11. Re1 Bf5 12. Qb3 Qc7 13. a4 Rad8 14. Bc4 Be4
15. Ne5 Bd5 16. Bf4 Nh5 17. Bd2 Bxc4 18. Qxc4 Rd5 19. Nf3 e6 20. a5 a6 21. Bb4
Rfd8 22. Bc5 Qf4 23. Ra3 R8d7 24. g3 Qc7 25. Bb6 Qb8 26. Rb3 Re7 27. Rbe3 Nf6
28. Ne5 Nd7 29. Nxd7 Rexd7 30. c3 h5 31. Qe2 Bh6 32. Re4 Bg5 33. b4 Bd8 34. Bc5
Be7 35. Bb6 Bd8 36. Bc5 Be7 37. Bb6 1/2-1/2

[Event "European Blitz 2022"]
[Site "Katowice POL"]
[Date "2022.12.16"]
[Round "14.76"]
[White "Gumula, Daniel"]
[Black "Berend, Elvira"]
[Result "0-1"]
[WhiteTitle "FM"]
[BlackTitle "WGM"]
[WhiteElo "2146"]
[BlackElo "2318"]
[WhiteFideId "1123122"]
[BlackFideId "4000510"]
[EventDate "2022.12.16"]

1. d4 Nf6 2. Nf3 e6 3. g3 b5 4. Bg2 Bb7 5. O-O Be7 6. a4 b4 7. a5 O-O 8. Nbd2
Na6 9. Nc4 c5 10. dxc5 Bxc5 11. Nd6 Bc6 12. Ne5 Bxg2 13. Kxg2 Qc7 14. Nec4 Nd5
15. e4 Bxd6 16. Nxd6 Qxd6 17. exd5 exd5 18. Bf4 Qc6 19. Qd4 Nc5 20. Qxb4 d6 21.
Rfd1 Rab8 22. Qd4 Ne6 23. Qxd5 Nxf4+ 24. gxf4 Qxc2 25. Rd2 Qg6+ 26. Kh1 Qf6 27.
Qxd6 Qf5 28. Rg1 Qe4+ 29. Rg2 Rbc8 30. h3 Rc1+ 31. Kh2 g6 32. Qe5 Qb1 33. f5
Rh1+ 34. Kg3 Rg1 35. f6 h6 36. f4 Rxg2+ 37. Kxg2 Qc1 38. Re2 Qc6+ 39. Kh2 a6 40.
f5 g5 41. b4 Rd8 42. Qe7 Rb8 43. Rd2 Qc8 44. Rd7 Qc2+ 45. Kg1 Qc1+ 46. Kf2 Qf4+
47. Kg2 Qc4 48. Rd8+ Rxd8 49. Qxd8+ Kh7 50. Qf8 Qe4+ 51. Kf2 Qxf5+ 52. Ke3 Qxf6
53. Qc5 Qe6+ 54. Kd4 Qxh3 55. Qe7 Qg4+ 56. Kc5 Qf5+ 57. Kd6 g4 58. b5 axb5 59.
a6 Qf4+ 60. Kc6 0-1